000 00716nam a2200205Ia 4500
003 GCL
008 140319s9999 xx 000 0 ara d
040 _aGCL /
_cGCL
082 0 4 _a956.904
_bم ح
100 1 _aمهيب سلمان احمد النواتى
245 1 0 _aحماس من الداخل /
_cمهيب سلمان احمد النواتى
260 _aفلسطين :
_bدار الشروق ،
_c2002
300 _a247 ص ؛
_c16 سم
650 0 4 _aالنزاع العربى الاسرائيلى
650 0 4 _aالقضية الفلسطينية
650 0 4 _aالمقاومة الفلسطينية
650 0 4 _aالفدائيون الفلسطينيون
650 0 4 _aمنظمة حماس
942 _2ddc
_cBK
999 _c8460
_d8460